The principles of practical cost-benefit analysis (Record no. 11115)
[ view plain ]
| 000 -LEADER | |
|---|---|
| fixed length control field | 00227nam a22000977a 4500 |
| 040 ## - CATALOGING SOURCE | |
| Transcribing agency | 339 |
| 082 ## - DEWEY DECIMAL CLASSIFICATION NUMBER | |
| Classification number | 339 ROB 1985 C090 |
| 100 ## - MAIN ENTRY--AUTHOR NAME | |
| Personal name | ROBERT SUGDEN |
| 245 ## - TITLE STATEMENT | |
| Title | The principles of practical cost-benefit analysis |
| 942 ## - ADDED ENTRY ELEMENTS (KOHA) | |
| Koha item type | ADB |
No items available.